| 000 | 00358nam a22001457a 4500 | ||
|---|---|---|---|
| 003 | MACL | ||
| 005 | 20200715151058.0 | ||
| 008 | 200715b xxu||||| |||| 00| 0 eng d | ||
| 040 | _c MACL | ||
| 100 |
_aKipling, Rudyard _911447 |
||
| 245 | _aThe Second Jungle Book | ||
| 260 |
_aHaryana _bPallavi Pub _c2019 |
||
| 650 |
_aStories _978954 |
||
| 942 |
_2ddc _cBK |
||
| 999 |
_c62629 _d62629 |
||